First Five: Television Quiz Stats

 Plays Quiz Updated Sep 27, 2017

Also try: First Five: Sports
Challenge
Share
Tweet
Embed
Score 0/30 Timer 06:00
4 Plays Today
% Correct
Jay Leno (1992–2009)
85.5%
Kelly Clarkson (2002)
79.2%
Johnny Carson (1962–92)
75.5%
The Next Generation (1987–94)
63.6%
Friends (2002)
63.4%
Star Trek: The Original Series (1966–69)
60.7%
Conan O'Brien (2009–10)
57.2%
Deep Space Nine (1993–99)
50.4%
Carrie Underwood (2005)
50.2%
Voyager (1995–2001)
48.8%
Ruben Studdard (2003)
47.9%
Rugrats (1991)
42.3%
Fantasia Barrino (2004)
33.1%
Asylum
32.9%
Jack Paar (1957–62)
32.2%
% Correct
Everybody Loves Raymond (2003)
27.7%
Coven
27.5%
The Ren & Stimpy Show (1991)
26.6%
Doug (1991)
26.6%
Will & Grace (2000)
26.1%
Steve Allen (1954–57)
26%
Hotel
24.5%
Freak Show
23.8%
Taylor Hicks (2006)
22%
Murder House
17.7%
Rocko's Modern Life (1993)
16.9%
Sex and the City (2001)
15.2%
The Animated Series (1973–74)
14.9%
Arrested Development (2004)
13.7%
Aaahh!!! Real Monsters (1994)
13.2%

You're not logged in!

Compare scores with friends on all Sporcle quizzes.
OR
Log In

You Might Also Like...

Show Comments

Extras

Top Quizzes Today


Score Distribution

Your Account Isn't Verified!

In order to create a playlist on Sporcle, you need to verify the email address you used during registration. Go to your Sporcle Settings to finish the process.

Report this User

Report this user for behavior that violates our Community Guidelines.

Details: